Apríl - Mesiac lesov

Bibliographic Details
Main Author: Riba, E. (Author)
Format: Article
Language:Slovak
Subjects:

MARC

LEADER 00000nab a2200000 a 4500
001 vtls000243286
003 SK-MaSNL
005 20260304061843.0
008 250422c1986 xo 0 slo
015 |a SNBRB19rr/mm-uuuuu 
035 |a CL0253400 
035 |a urn:nbn:sk:snk-abeljd 
035 |a (urnnbn)urn:nbn:sk:snk:ar-006xvd 
035 |a (uuid)9ed8f308-df1a-47aa-b796-23a5757331a9 
040 |a SNKBUCL  |b slo  |c SNKBUCL  |e AACR2 
041 0 |a slo 
044 |a xo  |c SK 
080 |a 630  |2 1981 
100 1 |a Riba, E.  |4 aut  |9 1278235 
245 1 0 |a Apríl - Mesiac lesov  |c E. Riba 
650 0 7 |a lesy  |2 snkbucl  |9 1437 
655 7 |a články z novín a časopisov  |2 snkbucl  |9 267496 
773 0 |t Poľovníctvo a rybárstvo  |g Roč. 38, č. 4 (1986), s. 5 
850 |a Slovenská národná knižnica 
852 |a Slovenská národná knižnica 
958 |a article27 
958 |a OND 
958 |a RK 
992 |a RBX 
999 |c 2735366  |d 2737296